Několik poznámek k marketingu informačních systémů.
Stav ekonomických systémov dát, ekonomických informácií a ich komunikácie na trhu a špecifickosť ekonomických informácií z hľadiska marketingu. Vývoj zdrojov informácií. Potreba iného spracovania informácií pre riadenie. Koncepcia TOPS pre riadenie a rozhodovanie. Marketingová analýza informačných s...
Salvato in:
| Autore principale: | |
|---|---|
| Natura: | Capitolo di libro |
| Lingua: | ceco |
| Soggetti: | |
| Tags: |
Nessun Tag, puoi essere il primo ad aggiungerne!!
|
MARC
| LEADER | 00000naa a2200000 4500 | ||
|---|---|---|---|
| 001 | r004871 | ||
| 005 | 20221125080429.5 | ||
| 041 | 0 | |a cze | |
| 044 | |a [CS] | ||
| 245 | 1 | 0 | |a Několik poznámek k marketingu informačních systémů. |c O. Tenzer |
| 520 | |a Stav ekonomických systémov dát, ekonomických informácií a ich komunikácie na trhu a špecifickosť ekonomických informácií z hľadiska marketingu. Vývoj zdrojov informácií. Potreba iného spracovania informácií pre riadenie. Koncepcia TOPS pre riadenie a rozhodovanie. Marketingová analýza informačných systémov. Informácie o informáciách. | ||
| 610 | 2 | 0 | |a marketing |
| 610 | 2 | 0 | |a systémy informačné |
| 610 | 2 | 0 | |a informácie hospodárske |
| 610 | 2 | 0 | |a spracovanie dát |
| 610 | 2 | 0 | |a informatika |
| 100 | 1 | |a Tenzer, O. | |